000 00959nam a2200313Ia 4500
003 OSt
005 20220912151345.0
006 a|||||r|||| 00| 0
007 ta
008 220909b |||||||| |||| 00| 0 eng d
020 _a9810218931 (pbk)
024 _a9334
037 _bModern,
037 _cTextbook
040 _aCSL
_beng
_cCSL
041 _aeng
082 _aC21, N5;1
100 _aYung-kuo Lim Ed
110 _aUniversity of Science and Technology of China,the Physics Coaching Class^fComp
245 0 _aProblems and solutions on solid stste physics, relativity and miscellaneous topics
260 _aSingapore
_bWorld Scientific
_c1995
300 _aix, 354p
490 _aMajor American University Ph.D. qualifying questions and solutions
500 _aIndex 347-354p
650 _a Solid State
650 _aPhysics
942 _hC21, N5;1
_cTB
_2CC
999 _c66908
_d66908